Normal view MARC view
  • Ishwaran, K.

Entry Personal Name

Number of records used in: 1

001 - CONTROL NUMBER

  • control field: 2779

003 - CONTROL NUMBER IDENTIFIER

  • control field: OSt

005 - DATE AND TIME OF LATEST TRANSACTION

  • control field: 20170509142014.0

008 - FIXED-LENGTH DATA ELEMENTS

  • fixed length control field: 170509|| aca||aabn | a|a d

040 ## - CATALOGING SOURCE

  • Original cataloging agency: OSt
  • Transcribing agency: OSt

100 ## - HEADING--PERSONAL NAME

  • Personal name: Ishwaran, K.
  • Dates associated with a name: 1922
  • Fuller form of name: (Karigoudar)

670 ## - SOURCE DATA FOUND

  • Source citation: Work cat.: (OSt): Childhood and adolescence in Canada, 1979.
Pusat Sumber Maklumat Dato' Haji Sarmin Md Hussin, Akademi Kastam Diraja Malaysia, Melaka
Tel: 06-2331106 | Faks: 06-2313787